Zápas mladé církve : poselství Skutků apoštolských / John R.W. Stott ; [překlad z anglického originálu ... Daniel Plachý]
Record details
- ISBN: 80-7255-009-8 (brož.)
- Physical Description: 414 s. ; 21 cm
- Edition: 1. vyd.
- Publisher: Praha : Návrat domů, 1999
Content descriptions
| Bibliography, etc. Note: | Obsahuje bibliografické odkazy |
Search for related items by subject
| Genre: | studie studies |
Available copies
- 3 of 3 copies available at Common Catalog SPOK.
Holds
- 0 current holds with 3 total copies.
Show Only Available Copies
| Location | Call Number / Copy Notes | Barcode | Shelving Location | Status | Due Date |
|---|---|---|---|---|---|
| ETS Library | 226.607 | 424470007133 | Volný výběr | Available | - |
| ETS Library | 226.607 | 424470012389 | Volný výběr | Available | - |
| Jabok Library | NZ-3.3 | 424480033296 | Odborná literatura | Available | - |
| LDR | 01757nam a2200529 a 4500 | ||
|---|---|---|---|
| 001 | 18405 | ||
| 003 | CZ-PrJAB | ||
| 005 | 20140402124236.0 | ||
| 007 | ta | ||
| 008 | 990923s1999 xr e 000 0dcze | ||
| 015 | . | ‡acnb000738395 | |
| 020 | . | ‡a80-7255-009-8 (brož.) | |
| 035 | . | ‡a(CZ PrNK)cpk19990738395 | |
| 035 | . | ‡a(OCoLC)43808206 | |
| 040 | . | ‡aABA001 ‡bcze | |
| 041 | 1 | . | ‡acze ‡heng |
| 045 | . | ‡ae-e- | |
| 072 | 7. | ‡a27-9 ‡xDějiny křesťanské církve ‡2Konspekt ‡95 | |
| 080 | . | ‡a27-9"00" ‡2MRF | |
| 080 | . | ‡a27-144.896 ‡2MRF | |
| 080 | . | ‡a27-76 ‡2MRF | |
| 080 | . | ‡a27-277.2 ‡2MRF | |
| 080 | . | ‡a27-248.2 ‡2MRF | |
| 080 | . | ‡a(048.8) ‡2MRF | |
| 082 | 1 | 4. | ‡a226.607 |
| 100 | 1 | . | ‡aStott, John R. W., ‡d1921-2011 ‡7xx0009017 ‡4aut |
| 245 | 1 | 0. | ‡aZápas mladé církve : ‡bposelství Skutků apoštolských / ‡cJohn R.W. Stott ; [překlad z anglického originálu ... Daniel Plachý] |
| 250 | . | ‡a1. vyd. | |
| 260 | . | ‡aPraha : ‡bNávrat domů, ‡c1999 | |
| 300 | . | ‡a414 s. ; ‡c21 cm | |
| 504 | . | ‡aObsahuje bibliografické odkazy | |
| 630 | 0 | 7. | ‡aBible. ‡pN.Z. ‡pSkutky apoštolské ‡7unn2006374703 ‡2czenas |
| 630 | 0 | 9. | ‡aBible. ‡pN.T. ‡pActs ‡2eczenas |
| 648 | 7. | ‡a1. stol. ‡7ch460539 ‡2czenas | |
| 650 | 0 | 7. | ‡arané křesťanství ‡7ph125028 ‡y1. stol. ‡2czenas |
| 650 | 0 | 7. | ‡aDuch svatý ‡7ph117519 ‡2czenas |
| 650 | 0 | 7. | ‡akřesťanské misie ‡7ph115067 ‡2czenas |
| 650 | 0 | 7. | ‡abiblická exegeze ‡7ph118844 ‡2czenas |
| 650 | 0 | 9. | ‡aearly Christianity ‡y1st century ‡2eczenas |
| 650 | 0 | 9. | ‡aHoly Spirit ‡2eczenas |
| 650 | 0 | 9. | ‡aChristian missions ‡2eczenas |
| 650 | 0 | 9. | ‡aBiblical exegesis ‡2eczenas |
| 655 | 7. | ‡astudie ‡7fd133597 ‡2czenas | |
| 655 | 9. | ‡astudies ‡2eczenas | |
| 700 | 1 | . | ‡aPlachý, Daniel ‡4trl |
| 765 | 0 | . | ‡tMessage of acts ‡9Česky |
| 910 | . | ‡aABG450 | |
| 910 | . | ‡aABG312 | |
| 999 | . | ‡a10495 ‡bAUTOGEN ‡c10495 ‡tbiblio | |
| 901 | . | ‡a18405 ‡b ‡c18405 ‡tbiblio ‡sets | |